Ingo y Drago

Saved in:
Bibliografiske detaljer
Hovedforfatter: Lobe, Mira (autora)
Format: Bog
Sprog:spansk
Udgivet: Madrid SM 1996
Udgivelse:19a. ed
Serier:El Barco de Vapor, 15
Fag:
Tags: Tilføj Tag
Ingen Tags, Vær først til at tagge denne postø!

MARC

LEADER 00000nam a2200000 a 4500
001 UCH8241
003 CL-VaPUC
008 091127e19960000SP |||||||||||||||||spa|d
020 |a 8434813084 
082 0 4 |a 808.0683  |b LOB  |2 21 
100 |a Lobe, Mira  |e autora  |9 547022 
245 1 0 |a Ingo y Drago 
250 |a 19a. ed 
300 |a 128 p 
942 |c BK 
945 |d 20091127 00:00:00  |a lazolas 
260 |a Madrid  |b SM  |c 1996 
500 |a Desde 7 años 
650 0 |a Literatura infantil   |9 307465 
650 0 |a Novelas austriacas  |9 269443 
650 7 |a NOVELAS DE FICCION  |2 CL-VaPUC  |9 544712 
583 |a last modification  |c 20091127 00:00:00  |k Rodrigo Vera 
490 0 |a El Barco de Vapor, 15 
999 |c 338473  |d 338471